| 000 | 01788nam a2200289 i 4500 | ||
|---|---|---|---|
| 003 | DO-SdBNP | ||
| 005 | 20260304082350.0 | ||
| 007 | ta | ||
| 008 | 260304b2025 dr ||||| |||| 00| 0 spa d | ||
| 020 | _a9789945637885 | ||
| 040 |
_aDO-SdBNP _bspa _cBNPHU _erda |
||
| 041 | _aspa | ||
| 082 | 4 |
_axxx _bF953i 2025 _222 |
|
| 100 | 1 |
_aFuel Liao, Yuan _eautor _4aut. _989122 |
|
| 245 | 1 | 0 |
_aInfi/mitos : _blo ínfimo, lo íntimo y lo infinito / _cYuan Fuel Liao. |
| 250 | _aSegunda edición, revisada y ampliada | ||
| 264 | 4 |
_aSanto Domingo, República Dominicana : _bEditorial Isla Negra, _c©2025. |
|
| 300 |
_a231 páginas ; _c16 cm. |
||
| 336 |
_atexto _btxt _2rdacontent |
||
| 337 |
_asin mediación _bn _2rdamedia |
||
| 338 |
_avolumen _bnc _2rdacarrier |
||
| 490 | _aColección el canon secuestrado | ||
| 520 | _aYuan Fuei Líao escribe desde la vocalidad orgánica de un saber sabroso; como el niño que descubre un mundo que se abre ante sí mientras repite en lo más íntimo, a escondidas (como los dioses), palabras prohibidas hechas mantras creacionales. Estos Infi/Mitos, marcaribeños por gravedad, llevan la palabra al origen y le devuelven su plasticidad acuosa y concomitante de logos spermatikos. Como en todo mito, lo ínfimo y lo infinito (polvo y humus) se integran dando paso a un sentido que desborda el simple nombrar. Así lo ínfimo de la palabra como partícula se transforma en juego de sonidos, jerga dominico/urbana, caligramas, paranomasia, en retruécanos y palimpsestos trasformadores; en fin: en el misterio (cruz/y/grama) multidimensional del lenguaje cuando alcanza el arte y que llamamos poesía. –Jorge David Capiello-Ortiz, profesor Universidad de Puerto Rico Humacao | ||
| 590 | _aInventariado, 2026/LP | ||
| 910 | _aLP | ||
| 942 |
_2ddc _cLBS1 |
||
| 999 |
_c60416 _d60416 |
||